000 00277nam a2200121Ia 4500
008 241002s9999 xx 000 0 und d
082 _a940.53 WIN
100 _aWinstons, Churchill
245 0 _aSecond World War
260 _aLondon:
_c1951
600 _aHistory
942 _cUC
999 _c18839
_d18839